History Quiz

Random History or German Quiz

Deutsch: Vorname Thomas Quiz Stats

Quiz not verified by Sporcle

Also try: 'A' in History II
Challenge
Share
Tweet
Embed
Score 0/25 Timer 10:00
0 Plays Today
Geburt / Tod Name % Correct
*1950Thomas Gottschalk
83.3%
*1956Tom Hanks
81.4%
*1963Thomas Anders
80.4%
1847–1931Thomas Alva Edison
74.5%
*1962Tom Cruise
71.6%
*1940Tom Jones
67.6%
1875–1955Thomas Mann
64.7%
1743–1826Thomas Jefferson
61.8%
*1963Thomas Hermanns
52%
*1989Tom Kaulitz
51%
*1986Thomas Morgenstern
42.2%
*1967Thomas Muster
42.2%
1808–1892Thomas Cook
40.2%
Geburt / Tod Name % Correct
*1947Tom Clancy
29.4%
*1978Thomas Godoj
26.5%
1588–1679Thomas Hobbes
16.7%
*1977Tom Brady
16.7%
*1940Thomas Harris
14.7%
*1980Tom Boonen
11.8%
*1963Thomas Brezina
9.8%
1118-1170Thomas Becket
6.9%
1931–1989Thomas Bernhard
4.9%
1485–1540Thomas Cromwell
3.9%
*1986Thomas Lüthi
2.9%
*1961Thomas Bucheli
0%

You're not logged in!

Compare scores with friends on all Sporcle quizzes.
Sign Up with Email
OR
Log In

You Might Also Like...

Show Comments

Extras

Top Quizzes Today


Score Distribution

Your Account Isn't Verified!

In order to create a playlist on Sporcle, you need to verify the email address you used during registration. Go to your Sporcle Settings to finish the process.